000 00325nam a2200133Ia 4500
005 20260328104311.0
008 260328s9999||||xx |||||||||||||| ||und||
100 _aDavis, Mary
245 0 _aAztecs :
_b Reign Of Blood & Splendor /
_cMary Davis
260 _bTime Life
300 _a164 p.
650 _aAZTECA
942 _cREF
999 _c10979
_d10979